| Tag |
First Indicator |
Second Indicator |
Subfields |
| LEADER |
00000cam a2200000 i 4500 |
| 001 |
in00000032781 |
| 005 |
20151007063218.0 |
| 008 |
770909s1962 mauac b 00010 eng d |
| 010 |
|
|
|a 68055414
|
| 035 |
|
|
|a (OCoLC)03252443
|
| 035 |
|
|
|9 AAD6824AM
|
| 040 |
|
|
|a ISE
|c ISE
|d TXA
|d UtOrBLW
|
| 049 |
|
|
|a TXAM
|c 1 [485220], 2 [1115600]
|
| 090 |
|
|
|a TK15
|b .D8 1969
|
| 100 |
1 |
|
|a Dunsheath, Percy,
|d 1886-
|
| 245 |
1 |
2 |
|a A history of electrical power engineering.
|
| 264 |
|
1 |
|a Cambridge, Mass. :
|b M.I.T. Press,
|c [1962]
|
| 264 |
|
4 |
|c [©1962]
|
| 300 |
|
|
|a 368 pages :
|b illustrations, portraits ;
|c 22 cm.
|
| 336 |
|
|
|a text
|b txt
|2 rdacontent
|
| 337 |
|
|
|a unmediated
|b n
|2 rdamedia
|
| 338 |
|
|
|a volume
|b nc
|2 rdacarrier
|
| 490 |
0 |
|
|a M.I.T. paperback series
|
| 504 |
|
|
|a Includes bibliographies.
|
| 650 |
|
0 |
|a Electrical engineering
|x History.
|
| 999 |
|
|
|a MARS
|
| 999 |
f |
f |
|s 10aac61f-df79-3e3f-9d82-508b939cfd00
|i 292e85d9-b904-335d-b375-38ff755b775a
|t 0
|
| 952 |
f |
f |
|p ric
|a Texas A&M University
|b Rellis Campus
|c Joint Library Facility
|d Remote Storage
|t 0
|e TK15 .D8 1969
|h Library of Congress classification
|i unmediated -- volume
|m A14805455435
|
| 998 |
f |
f |
|a TK15 .D8 1969
|t 0
|l Remote Storage
|